[Event "DEM U14 2017"]
[Site "Willingen GER"]
[Date "2017.06.07"]
[Round "6"]
[White "Nguyen, Alex Dac-Vuong"]
[Black "Mühlpfordt, Thomas"]
[Result "1-0"]
[Termination "normal"]
[Board "12"]
[WhiteElo "2051"]
[BlackElo "1813"]
[WhiteClock "01:25:13"]
[BlackClock "00:20:04"]
[PlyCount "37"]
[WhiteFideId "12984388"]
[BlackFideId "12986623"]
[EventCountry "GER"]
[EventRounds "9"]
[EventType "swiss"]
[EventDate "2017.06.03"]

1. e4 {[%clk 1:30:58]} 1... e5 {[%clk 1:30:53]} 2. Nf3 {[%clk 1:31:24]} 2...
Nc6 {[%clk 1:31:17]} 3. d4 {[%clk 1:31:51]} 3... exd4 {[%clk 1:31:41]} 4. Bc4 {
[%clk 1:32:17]} 4... Nf6 {[%clk 1:32:01]} 5. Ng5 {[%clk 1:32:43]} 5... d5 {
[%clk 1:18:38]} 6. exd5 {[%clk 1:33:05]} 6... Nxd5 {[%clk 1:18:58]} 7. O-O {
[%clk 1:33:24]} 7... Be6 {[%clk 1:09:07]} 8. Re1 {[%clk 1:30:44]} 8... Qd6 {
[%clk 0:58:35]} 9. Nxe6 {[%clk 1:29:35]} 9... fxe6 {[%clk 0:58:39]} 10. Qh5+ {
[%clk 1:29:44]} 10... Kd7 {[%clk 0:57:16]} 11. Nd2 {[%clk 1:27:55]} 11... g6 {
[%clk 0:44:57]} 12. Qe2 {[%clk 1:25:15]} 12... Bg7 {[%clk 0:32:42]} 13. Ne4 {
[%clk 1:25:03]} 13... Qf8 {[%clk 0:26:51]} 14. Nc5+ {[%clk 1:24:11]} 14... Qxc5
{[%clk 0:23:26]} 15. Qxe6+ {[%clk 1:24:34]} 15... Kd8 {[%clk 0:22:54]} 16. Bxd5
{[%clk 1:24:22]} 16... Qe7 {[%clk 0:20:49]} 17. Qxe7+ {[%clk 1:24:36]} 17...
Nxe7 {[%clk 0:21:10]} 18. Bg5 {[%clk 1:25:02]} 18... Bf8 {[%clk 0:20:04]} 19.
Bf6 {[%clk 1:25:13]} 1-0

[Event "DEM U14 2017"]
[Site "Willingen GER"]
[Date "2017.06.07"]
[Round "6"]
[White "Longo, Massimo"]
[Black "Merk, Daniel"]
[Result "0-1"]
[Termination "normal"]
[Board "13"]
[WhiteElo "1912"]
[BlackElo "1900"]
[PlyCount "40"]
[WhiteFideId "16205227"]
[BlackFideId "12938386"]
[EventCountry "GER"]
[EventRounds "9"]
[EventType "swiss"]
[EventDate "2017.06.03"]

1. d4 d5 2. e3 Nf6 3. Bd3 c5 4. b3 Nc6 5. Bb2 Bg4 6. f3 Bh5 7. Ne2 cxd4 8. exd4
e6 9. Nf4 Bd6 10. Nxh5 Nxh5 11. g3 O-O 12. f4 Nxf4 13. gxf4 Qh4+ 14. Ke2 Qxf4
15. Qd2 Qg4+ 16. Ke1 Bb4 17. c3 Nxd4 18. Be2 Qe4 19. Rf1 Nc2+ 20. Kd1 Ne3+ 0-1

[Event "DEM U14 2017"]
[Site "Willingen GER"]
[Date "2017.06.07"]
[Round "6"]
[White "Dahl, Christoph"]
[Black "Biermann, Florian"]
[Result "1/2-1/2"]
[Termination "normal"]
[Board "14"]
[WhiteElo "1801"]
[BlackElo "1853"]
[PlyCount "70"]
[WhiteFideId "16240235"]
[BlackFideId "12970069"]
[EventCountry "GER"]
[EventRounds "9"]
[EventType "swiss"]
[EventDate "2017.06.03"]

1. e4 c5 2. Nf3 e6 3. d4 cxd4 4. Nxd4 a6 5. Bd3 Nf6 6. Nc3 d6 7. O-O Nbd7 8.
Kh1 Nc5 9. f4 Nxd3 10. Qxd3 Be7 11. e5 Nd7 12. Qg3 O-O 13. Rd1 Qa5 14. exd6
Bxd6 15. Nxe6 fxe6 16. Rxd6 Nf6 17. Rd1 b5 18. Be3 Bb7 19. a3 b4 20. axb4 Qxb4
21. Bd4 Rad8 22. Bxf6 Rxd1+ 23. Rxd1 Rxf6 24. Rd8+ Rf8 25. Rd7 Rf7 26. Rd8+ Rf8
27. Rxf8+ Kxf8 28. b3 Qa3 29. Qe1 Qb2 30. Qd2 Be4 31. Qd6+ Kf7 32. Qd7+ Kf8 33.
Qc8+ Kf7 34. Qd7+ Kf8 35. Qd6+ Kf7 1/2-1/2

[Event "DEM U14 2017"]
[Site "Willingen GER"]
[Date "2017.06.07"]
[Round "6"]
[White "Fromm, Marius"]
[Black "Wu, Luka"]
[Result "1/2-1/2"]
[Termination "normal"]
[Board "15"]
[WhiteElo "1750"]
[BlackElo "1874"]
[PlyCount "77"]
[WhiteFideId "12993190"]
[BlackFideId "12977420"]
[EventCountry "GER"]
[EventRounds "9"]
[EventType "swiss"]
[EventDate "2017.06.03"]

1. Nf3 d5 2. c4 c6 3. g3 g6 4. Bg2 Bg7 5. O-O e5 6. d3 Ne7 7. Nc3 O-O 8. Bg5 d4
9. Bxe7 Qxe7 10. Ne4 c5 11. Qc2 Nc6 12. a3 f5 13. Ned2 Bh6 14. Rab1 a5 15. Rfe1
f4 16. Ne4 b6 17. Nfd2 Bb7 18. Nb3 Rf7 19. Nc1 fxg3 20. hxg3 Bxc1 21. Qxc1 Raf8
22. Rf1 Rf5 23. Bh3 R5f7 24. Ng5 Rf6 25. Ne4 R6f7 26. Ng5 Rg7 27. Kh2 Bc8 28.
Bxc8 Rxc8 29. Rh1 Rf8 30. Kg2 Rf5 31. Ne4 Rgf7 32. Qh6 Nd8 33. Qh4 Qf8 34. f3
Ne6 35. g4 Rf4 36. Qh6 Ra7 37. Qxf8+ Rxf8 38. Rh2 Rff7 39. a4 1/2-1/2

[Event "DEM U14 2017"]
[Site "Willingen GER"]
[Date "2017.06.07"]
[Round "6"]
[White "Henning, Marvin"]
[Black "Burian, Simon"]
[Result "1/2-1/2"]
[Termination "normal"]
[Board "16"]
[WhiteElo "1946"]
[BlackElo "1934"]
[PlyCount "57"]
[WhiteFideId "12957399"]
[BlackFideId "12956902"]
[EventCountry "GER"]
[EventRounds "9"]
[EventType "swiss"]
[EventDate "2017.06.03"]

1. e4 e5 2. Nf3 Nc6 3. Bb5 a6 4. Ba4 Nf6 5. O-O b5 6. Bb3 Be7 7. Re1 O-O 8. c3
d5 9. exd5 Nxd5 10. Nxe5 Nxe5 11. Rxe5 c6 12. Bxd5 cxd5 13. d4 Bd6 14. Re1 Qh4
15. g3 Qh3 16. Qf3 Bf5 17. Qg2 Rfe8 18. Be3 Qg4 19. Nd2 Rad8 20. f3 Qg6 21. Nf1
b4 22. Bd2 bxc3 23. Bxc3 Qf6 24. Ne3 Be6 25. Re2 Bc7 26. Rae1 Bb6 27. Nc2 Rf8
28. Qf2 Rc8 29. Kg2 1/2-1/2

[Event "DEM U14 2017"]
[Site "Willingen GER"]
[Date "2017.06.07"]
[Round "6"]
[White "Dietz, Florian"]
[Black "Pahl, Erik"]
[Result "0-1"]
[Termination "normal"]
[Board "17"]
[WhiteElo "1913"]
[BlackElo "1775"]
[PlyCount "56"]
[WhiteFideId "12939897"]
[BlackFideId "16201272"]
[EventCountry "GER"]
[EventRounds "9"]
[EventType "swiss"]
[EventDate "2017.06.03"]

1. e4 e5 2. Nf3 Nc6 3. Bc4 Bc5 4. c3 Nf6 5. d3 a6 6. O-O d6 7. a4 O-O 8. Na3
Ba7 9. Nc2 Ne7 10. Be3 Bxe3 11. Nxe3 Ng6 12. Re1 c6 13. a5 d5 14. Ba2 Re8 15.
Qa4 Be6 16. Rad1 h6 17. Nf5 Qd7 18. Ng3 Bg4 19. d4 Bxf3 20. gxf3 Nf4 21. Nf5
dxe4 22. fxe4 Nxe4 23. dxe5 Qxf5 24. Qxe4 Qg4+ 25. Kh1 Rxe5 26. Bxf7+ Kh8 27.
Bh5 Rxh5 28. Rd6 Qh4 0-1

[Event "DEM U14 2017"]
[Site "Willingen GER"]
[Date "2017.06.07"]
[Round "6"]
[White "Paeslack, Luis"]
[Black "Meric, Geoffrey"]
[Result "1-0"]
[Termination "normal"]
[Board "18"]
[WhiteElo "1856"]
[BlackElo "1879"]
[PlyCount "49"]
[WhiteFideId "12987760"]
[BlackFideId "26092891"]
[EventCountry "GER"]
[EventRounds "9"]
[EventType "swiss"]
[EventDate "2017.06.03"]

1. d4 Nf6 2. c4 g6 3. Nc3 Bg7 4. e4 d6 5. Nf3 O-O 6. Be2 e5 7. d5 Nbd7 8. Nd2
Ne8 9. g4 c6 10. h4 a6 11. Nf1 cxd5 12. Nxd5 Nc5 13. Ng3 Nc7 14. Be3 N7e6 15.
b4 Nd7 16. Qd2 Nd4 17. Bh6 Nc2+ 18. Kf1 Nxa1 19. h5 g5 20. Bxg7 Kxg7 21. Nf5+
Kh8 22. Nde7 f6 23. Ng6+ hxg6 24. hxg6+ Kg8 25. Qd5+ 1-0

[Event "DEM U14 2017"]
[Site "Willingen GER"]
[Date "2017.06.07"]
[Round "6"]
[White "Buller, Ian Joshua"]
[Black "Post, Hugo"]
[Result "0-1"]
[Termination "normal"]
[Board "19"]
[WhiteElo "1646"]
[BlackElo "2019"]
[PlyCount "100"]
[WhiteFideId "12990655"]
[BlackFideId "12962490"]
[EventCountry "GER"]
[EventRounds "9"]
[EventType "swiss"]
[EventDate "2017.06.03"]

1. e4 c5 2. Nf3 Nc6 3. Nc3 g6 4. d4 cxd4 5. Nxd4 Bg7 6. Nb3 Nf6 7. Be2 O-O 8.
O-O d6 9. Re1 Be6 10. Bg5 Rc8 11. Bf1 Na5 12. Nd5 Bxd5 13. exd5 Nc4 14. Bxc4
Rxc4 15. Qd3 Rc8 16. c3 Re8 17. Be3 Qc7 18. Rad1 a6 19. a4 Ng4 20. Bd4 Ne5 21.
Bxe5 Bxe5 22. Re4 e6 23. Rb4 Re7 24. f4 a5 25. Nxa5 Qc5+ 26. Kf1 Qxa5 27. fxe5
dxe5 28. dxe6 Rxe6 29. Qd5 Qa7 30. Rd3 Re7 31. Re4 Rce8 32. Rde3 Qa6+ 33. Ke1
Qf6 34. Rf3 Qb6 35. Rf2 Rd8 36. Qb5 Qd6 37. Qb3 Qd3 38. Qc2 Qd5 39. Rd2 Qxd2+
40. Qxd2 Rxd2 41. Kxd2 f5 42. Re1 Kf7 43. Ke3 Ke6 44. c4 Rd7 45. Rc1 f4+ 46.
Kf3 g5 47. Rc3 h5 48. g4 Rd2 49. gxh5 Kf5 50. h6 g4# 0-1

[Event "DEM U14 2017"]
[Site "Willingen GER"]
[Date "2017.06.07"]
[Round "6"]
[White "Kölle, Tobias"]
[Black "Lohr, Maximilian"]
[Result "0-1"]
[Termination "normal"]
[Board "20"]
[WhiteElo "2069"]
[BlackElo "1767"]
[PlyCount "58"]
[WhiteFideId "16207378"]
[BlackFideId "12999717"]
[EventCountry "GER"]
[EventRounds "9"]
[EventType "swiss"]
[EventDate "2017.06.03"]

1. e4 g6 2. d4 Bg7 3. Nc3 d6 4. Be3 e6 5. Qd2 Nd7 6. f3 e5 7. O-O-O Ngf6 8. g4
exd4 9. Bxd4 O-O 10. h4 h5 11. gxh5 Nxh5 12. Bxg7 Nxg7 13. Nge2 Ne5 14. Bg2 b5
15. Nf4 Nc4 16. Qd4 Ne6 17. Nxe6 Bxe6 18. f4 c5 19. Qf2 Qa5 20. Rd3 b4 21. Nb1
Qxa2 22. Rb3 Na3 23. Rxa3 bxa3 24. Nxa3 Rab8 25. c3 Rb3 26. h5 Rxa3 27. hxg6
Rxc3+ 28. Kd1 Bb3+ 29. Ke1 Qb1+ 0-1

[Event "DEM U14 2017"]
[Site "Willingen GER"]
[Date "2017.06.07"]
[Round "6"]
[White "Gutkin, Ilya"]
[Black "Jungandreas, Tillmann"]
[Result "1-0"]
[Termination "normal"]
[Board "21"]
[WhiteElo "1860"]
[BlackElo "1414"]
[PlyCount "119"]
[WhiteFideId "16203470"]
[BlackFideId "16244664"]
[EventCountry "GER"]
[EventRounds "9"]
[EventType "swiss"]
[EventDate "2017.06.03"]

1. e4 e5 2. Nf3 Nc6 3. Bc4 Bc5 4. c3 Nf6 5. d3 d6 6. b4 Bb6 7. a4 a6 8. O-O Bg4
9. Nbd2 Ne7 10. Re1 O-O 11. Nf1 Ng6 12. Be3 Ba7 13. Bxa7 Rxa7 14. h3 Be6 15.
Qb3 Bxc4 16. Qxc4 h6 17. Ne3 Qe7 18. Re2 Nf4 19. Rea2 b6 20. Ne1 g6 21. f3 Rd8
22. Qb3 d5 23. c4 d4 24. Ng4 Nxg4 25. hxg4 a5 26. Nc2 Qg5 27. Ne1 Qe7 28. g3
Ne6 29. b5 Nc5 30. Qd1 Qg5 31. Kg2 h5 32. gxh5 gxh5 33. Kh3 Kh7 34. Rg2 Rg8 35.
f4 Qg4+ 36. Qxg4 hxg4+ 37. Kh2 f6 38. Rf2 Raa8 39. Kg1 Rg6 40. Ra3 Re8 41. Ng2
Kg7 42. Nh4 Rh6 43. Nf5+ Kg6 44. Nxh6 Kxh6 45. fxe5 fxe5 46. Rf7 Ne6 47. Ra2
Nc5 48. Rxc7 Nxd3 49. Rc6+ Kg5 50. Rxb6 Nc5 51. Rd6 Nxe4 52. Rd7 Rc8 53. b6
Rxc4 54. b7 Rb4 55. Re7 Nxg3 56. Rxe5+ Kf4 57. Rb5 Rc4 58. b8=Q+ Kf3 59. Rf2+
Ke4 60. Qe5+ 1-0

[Event "DEM U14 2017"]
[Site "Willingen GER"]
[Date "2017.06.07"]
[Round "6"]
[White "Waffenschmidt, Lars"]
[Black "Tham, Minh"]
[Result "0-1"]
[Termination "normal"]
[Board "22"]
[WhiteElo "1810"]
[BlackElo "1895"]
[PlyCount "154"]
[WhiteFideId "16244656"]
[BlackFideId "12997323"]
[EventCountry "GER"]
[EventRounds "9"]
[EventType "swiss"]
[EventDate "2017.06.03"]

1. e4 e5 2. Nf3 Nc6 3. Bc4 Bc5 4. c3 Nf6 5. d4 exd4 6. cxd4 Bb4+ 7. Nc3 Nxe4 8.
O-O Bxc3 9. d5 Bf6 10. Re1 Ne7 11. Rxe4 d6 12. Bg5 Bxg5 13. Nxg5 h6 14. Qe2
hxg5 15. Re1 Be6 16. dxe6 f6 17. Re3 c6 18. Rb3 Qc7 19. Bd3 d5 20. g3 Rh6 21.
Kg2 b6 22. a4 Rb8 23. Rc3 Qd6 24. Qf3 Qb4 25. Rb1 Kf8 26. h3 Kg8 27. Bc2 Qd6
28. Qe3 Qe5 29. f4 Qxe3 30. Rxe3 gxf4 31. gxf4 f5 32. Rbe1 g6 33. b4 Kg7 34.
Re5 Rbh8 35. R1e3 Rh4 36. Rf3 Kf6 37. Re2 Rd8 38. Bb3 Rd6 39. Kg3 Rh8 40. Rfe3
Rc8 41. Kf3 c5 42. bxc5 bxc5 43. Rc3 Rb6 44. Bd1 c4 45. h4 d4 46. Rc1 Rxe6 47.
Rd2 Re3+ 48. Kg2 d3 49. Bf3 c3 50. Rdd1 d2 51. Rc2 Re1 52. Kf2 Rxd1 53. Bxd1
Nd5 54. Ke2 Nb4 55. Rxc3 Rxc3 56. Kxd2 Rh3 57. Be2 Nd5 58. Ke1 Re3 59. Kd2
Rxe2+ 60. Kxe2 Nxf4+ 61. Ke3 Ng2+ 62. Kd4 Nxh4 63. Kc5 f4 64. Kc6 f3 65. Kb7 f2
66. Kxa7 f1=Q 67. a5 g5 68. a6 Qxa6+ 69. Kxa6 g4 70. Ka7 g3 71. Ka8 g2 72. Ka7
g1=Q+ 73. Ka8 Qb1 74. Ka7 Ke6 75. Ka8 Kd6 76. Ka7 Kc6 77. Ka6 Qa1# 0-1

[Event "DEM U14 2017"]
[Site "Willingen GER"]
[Date "2017.06.07"]
[Round "6"]
[White "Biermann, Lenhard"]
[Black "Popist, Florian"]
[Result "0-1"]
[Termination "normal"]
[Board "23"]
[WhiteElo "1879"]
[BlackElo "1820"]
[PlyCount "112"]
[WhiteFideId "12970077"]
[BlackFideId "16203518"]
[EventCountry "GER"]
[EventRounds "9"]
[EventType "swiss"]
[EventDate "2017.06.03"]

1. d4 d5 2. c4 e6 3. Nf3 Nf6 4. g3 Be7 5. Bg2 O-O 6. O-O dxc4 7. Qc2 a6 8. Qxc4
b5 9. Qc2 Bb7 10. Bd2 Be4 11. Qc1 Bb7 12. Rd1 Qc8 13. Nc3 c5 14. dxc5 Bxc5 15.
Be3 Nbd7 16. Qd2 Nb6 17. Bxc5 Qxc5 18. Rac1 Qe7 19. Qg5 h6 20. Qh4 Rfd8 21. Ne5
Bxg2 22. Kxg2 Qb7+ 23. Kg1 Rac8 24. Ng4 Rxd1+ 25. Rxd1 Nxg4 26. Qxg4 Nc4 27.
Rb1 Nxb2 28. Ne4 Nc4 29. Nf6+ Kh8 30. Nh5 g6 31. Nf6 Kg7 32. Qh4 g5 33. Nh5+
Kg6 34. Qg4 Ne5 35. Qd4 Qd5 36. Qxd5 exd5 37. f4 Nd7 38. g4 f6 39. f5+ Kf7 40.
Rb2 Rc4 41. h3 Rc3 42. Kg2 Nb6 43. Rd2 b4 44. Ng3 Rc4 45. Rb2 a5 46. Rd2 Ke7
47. Kf2 Kd6 48. Nh5 Nd7 49. Ng7 Nc5 50. Kg2 Ne4 51. Rb2 Kc5 52. Ne6+ Kb5 53. e3
Ka4 54. Nd4 Nc3 55. Kf3 Ka3 56. Rd2 Nxa2 0-1

[Event "DEM U14 2017"]
[Site "Willingen GER"]
[Date "2017.06.07"]
[Round "6"]
[White "Liebold, Aaron"]
[Black "Jeschke, Jan"]
[Result "1-0"]
[Termination "normal"]
[Board "24"]
[WhiteElo "1746"]
[BlackElo "1284"]
[PlyCount "73"]
[WhiteFideId "12997846"]
[BlackFideId "16225430"]
[EventCountry "GER"]
[EventRounds "9"]
[EventType "swiss"]
[EventDate "2017.06.03"]

1. e4 e6 2. d4 d5 3. Nd2 Nf6 4. e5 Nfd7 5. Bd3 c5 6. c3 Nc6 7. Ne2 cxd4 8. cxd4
f6 9. Nf4 Nxd4 10. Qh5+ Ke7 11. exf6+ Nxf6 12. Ng6+ hxg6 13. Qxh8 Kf7 14. O-O
e5 15. Nb3 Nxb3 16. axb3 e4 17. Bc2 Nh5 18. Be3 Qh4 19. Bd1 Bd6 20. g3 Qh3 21.
Rxa7 Qxf1+ 22. Kxf1 Bh3+ 23. Ke1 Rxh8 24. Rxb7+ Be7 25. Bc5 Re8 26. Be2 Bc8 27.
Rc7 Kf8 28. Bxe7+ Rxe7 29. Rxc8+ Kf7 30. b4 Rb7 31. b5 Ke6 32. Rc6+ Kf7 33. b6
Ke8 34. Ba6 Rb8 35. b7 Nf6 36. Rc8+ Ke7 37. Rxb8 1-0